| 000 | 01531nam a2200445Ia 4500 | ||
|---|---|---|---|
| 001 | 7 | ||
| 003 | OSt | ||
| 005 | 20250314151615.0 | ||
| 008 | 241029s2010 dr b qm 000 0 spa d | ||
| 010 | _a8 | ||
| 040 |
_aCGIP0042 _bspa _cCGIP0042 |
||
| 041 | _aEspañol | ||
| 082 | _aMCS021 | ||
| 245 | 0 | _aMétodos y Técnicas de la Enseñanza de la Historia y la Geografía en el Segundo Ciclo del Nivel Medio en el Liceo Público del Distrito Educativo 08-03 de Santiago 2008-2009 | |
| 260 | _aSantiago | ||
| 300 | _a122 | ||
| 520 | _a5 | ||
| 520 | _aEste estudio tuvo el propósito de conocer los métodos y técnicas de la enseñanza empleados por los maestros en la enseñanza de la Historia y la Geografía en los Centros Educativos Públicos del Nivel Medio del Distrito Educativo 08-03 de Santiago. | ||
| 630 | _aCalidad Educativa | ||
| 630 | _aEstrategia Docente | ||
| 630 | _aMetodología de Enseñanza | ||
| 650 | _aCiencias Sociales | ||
| 690 | _aCopiado sin cambios | ||
| 700 |
_easesor _aPaulino, Laura |
||
| 700 |
_eautor _aSosa, Finlandia |
||
| 700 |
_eautor _aRodriguez, Carinis |
||
| 856 | _uhttps://inered.gob.do/fichanueva.php?id=7 | ||
| 901 |
_a{"1":"Sosa","2":"Rodriguez"} _b{"1":"Finlandia ","2":"Carinis"} |
||
| 902 | _a1 | ||
| 903 |
_a{"1":"Paulino"} _b{"1":"Laura"} |
||
| 904 | _aMáster en | ||
| 905 | _aCiencias Sociales | ||
| 906 | _a1 | ||
| 907 | _aOrientada en | ||
| 908 | _aCiencias Sociales | ||
| 910 | _aNULL | ||
| 911 | _a["1"] | ||
| 942 |
_cTesis _2ddc _n0 |
||
| 999 |
_c8 _d8 |
||